|
|
|
|
| LEADER |
00952pam a22003138a 4500 |
| 001 |
00035317 |
| 005 |
20171026081025.0 |
| 008 |
161201s2015 ||||||Viesd |
| 020 |
# |
# |
|c 65000
|a 978 604 05526 0
|
| 041 |
0 |
# |
|a Vie
|
| 082 |
1 |
4 |
|a 523.1
|b S450PH
|
| 100 |
1 |
# |
|a Trịnh, Xuân Thuận
|
| 245 |
1 |
0 |
|a Số phận của vũ trụ
|c Trịnh Xuân Thuận;Hoàng, Thanh Thủy
|b Big bang và sau đó
|
| 260 |
# |
# |
|a Hà Nội
|b Kim Đồng
|c 2015
|
| 300 |
# |
# |
|a 144 tr.
|c 21 cm.
|
| 653 |
# |
# |
|a Khoa học thường thức
|
| 653 |
# |
# |
|a Vũ trụ
|
| 700 |
1 |
# |
|a Hoàng, Thanh Thủy
|e Dịch
|
| 852 |
# |
# |
|b Kho mượn
|j KM.0020039, KM.0020040
|
| 852 |
# |
# |
|b Kho đọc
|j KD.0018985
|
| 852 |
# |
# |
|j KD.0018985
|j KM.0020039
|j KM.0020040
|
| 910 |
0 |
# |
|d 01/12/2016
|
| 980 |
# |
# |
|a Trung tâm Học liệu Lê Vũ Hùng, Trường Đại học Đồng Tháp
|